Costa Rica San José urban transport project
Na minha lista:
| Autor principal: | |
|---|---|
| Outros Autores: | , , , |
| Formato: | Livro |
| Idioma: | English |
| Publicado em: |
[Lugar de publicación no identificado] : Urban Projects Departament
1977
|
| Assuntos: | |
| Tags: |
Adicionar Tag
Sem tags, seja o primeiro a adicionar uma tag!
|
MARC
| LEADER | 00000nam a2200000Ia 4500 | ||
|---|---|---|---|
| 003 | 001854 | ||
| 005 | 20221231143957.0 | ||
| 008 | 140114s1977 cr a 000 0 eng d | ||
| 040 | |c cru CEDI | ||
| 082 | |a 388.314.302.1 M178c | ||
| 100 | |a Madavo, C |9 20854 | ||
| 245 | |a Costa Rica San José urban transport project | ||
| 260 | |a [Lugar de publicación no identificado] : Urban Projects Departament |c 1977 | ||
| 300 | |a paginación varia; ilustraciones, mapa a color | ||
| 500 | |a Report No. 1702a-CR | ||
| 650 | |x INGENIERÍA DEL TRÁNSITO |x COSTA RICA |x TRANSPORTE URBANO |x SAN JOSE (COSTA RICA) |x AREA METROPOLITANA DE SAN JOSE (COSTA RICA) |9 20859 | ||
| 700 | |9 20855 |a Watson, P | ||
| 700 | |9 20856 |a Walters, A | ||
| 700 | |9 20857 |a Rush, B | ||
| 700 | |9 20858 |a Morra, G | ||
| 942 | |2 ddc |c BK | ||
| 999 | |c 15073 |d 15073 | ||
